000 00652cab a2200229 4500
001 WB3215-46
008 090401t1996 xxu||||| |||| 00| 0 eng d
035 _a(Sirsi) u69855
041 _aeng
245 _aColour can secure sale
260 _c1996
350 _a0
490 _aBirmingham Post
_v5 April 1996, 23(1)
520 _aA survey for Alliance and Leicester Building Society has found that homebuyers are influenced by the colour of a house`s interior decorating.
650 _aCOLOUR
650 _aHOUSE SALES
650 _aINFLUENCE
650 _aINTERIOR DECORATION
690 _aHOUSING
942 _n0
948 _c04/03/1997
999 _c43921
_d43921